Výstavba nehnuteľnosti
V súčasnosti je výstavba nehnuteľnosti, určenej na predaj jednou z najrozšírenejších podnikateľských činností. S troškou zveličenia možno povedať, že rovnako je rozšírená aj chybovosť v účtovaní o transakciách, súvisiacich s výkonom výstavby nehnuteľnosti, určenej po jej dokončení na predaj, pričom...
Guardado en:
| Autor principal: | |
|---|---|
| Formato: | Capítulo de libro |
| Lenguaje: | eslovaco |
| Materias: | |
| Etiquetas: |
Sin Etiquetas, Sea el primero en etiquetar este registro!
|
MARC
| LEADER | 00000naa a2200000 4500 | ||
|---|---|---|---|
| 001 | 0297920 | ||
| 005 | 20240417075258.4 | ||
| 041 | 0 | |a slo | |
| 044 | |a SK | ||
| 245 | 1 | 0 | |a Výstavba nehnuteľnosti |c Jana Turóciová |
| 520 | |a V súčasnosti je výstavba nehnuteľnosti, určenej na predaj jednou z najrozšírenejších podnikateľských činností. S troškou zveličenia možno povedať, že rovnako je rozšírená aj chybovosť v účtovaní o transakciách, súvisiacich s výkonom výstavby nehnuteľnosti, určenej po jej dokončení na predaj, pričom v praxi ide zväčša o výstavbu bytových, alebo apartmánových domov, s možnosťou predaja už aj pred samotnou výstavbou. Zásady a metódy účtovania výstavby nehnuteľnosti, určenej na predaj, vyplývajúce zo zákona o účtovníctve a Postupov účtovania PÚ. | ||
| 610 | 2 | 0 | |a výstavba bytová |
| 610 | 2 | 0 | |a nehnuteľnosti |
| 610 | 2 | 0 | |a účtovníci |
| 610 | 2 | 0 | |a účtovníctvo |
| 610 | 2 | 0 | |a zákony |
| 610 | 2 | 0 | |a právo |
| 610 | 2 | 0 | |a legislatíva |
| 100 | 1 | |a Turóciová, Jana | |